[Event "Caribbean-ch U16"]
[Site "San Salvador"]
[Date "2021.11.27"]
[Round "3"]
[White "Hernandez, Raul Alejandro"]
[Black "Rodriguez, Yanci Andrea"]
[Result "1/2-1/2"]
[WhiteElo "1090"]
[BlackElo "1254"]
[PlyCount "128"]
[EventDate "2021.11.27"]
[EventType "swiss"]
[EventRounds "9"]
[EventCountry "ESA"]
[SourceTitle "EXT 2023"]
[Source "ChessBase"]
[SourceDate "2022.10.05"]
[SourceVersion "1"]
[SourceVersionDate "2022.10.05"]
[SourceQuality "1"]
[WhiteTeam "El Salvador"]
[BlackTeam "El Salvador"]
[WhiteTeamCountry "ESA"]
[BlackTeamCountry "ESA"]

1. e4 c5 2. Nc3 g6 3. f4 Bg7 4. Nf3 Nc6 5. Bb5 a6 6. Bxc6 dxc6 7. 0-0 Nf6 8. d3 b6 9. Qe1 0-0 10. Qh4 e6 11. f5 exf5 12. Bh6 Ng4 13. Qxd8 Rxd8 14. Bxg7 Kxg7 15. Rae1 b5 16. exf5 Bxf5 17. Re7 Be6 18. Re1 Kf6 19. Rc7 Rdc8 20. Ne4+ Kg7 21. Rb7 Nh6 22. Nd6 Rcb8 23. Rc7 Bd5 24. Ree7 Rd8 25. Rcd7 Kf6 26. Ne4+ Bxe4 27. Rxd8 Rxd8 28. Rxe4 Nf5 29. g4 Nd4 30. Rf4+ Kg7 31. Nxd4 cxd4 32. g5 c5 33. Rf6 c4 34. Rc6 cxd3 35. cxd3 Rd5 36. h4 a5 37. Kf2 h6 38. Kf3 hxg5 39. Ke4 Rf5 40. hxg5 Rxg5 41. Kxd4 Rg2 42. Kc5 Rxb2 43. d4 Rxa2 44. d5 Rd2 45. d6 Kf8 46. Kb6 Ke8 47. Kc7 a4 48. Rc5 a3 49. Re5+ Kf8 50. d7 Rxd7+ 51. Kxd7 b4 52. Ra5 f5 53. Kc6 Kg7 54. Kc5 Kh6 55. Kxb4 Kg5 56. Rxa3 Kg4 57. Kb3 f4 58. Ra4 g5 59. Kc3 Kg3 60. Kd4 g4 61. Ke4 f3 62. Kf5 f2 63. Rxg4+ Kh3 64. Rf4 Kg2 1/2-1/2

[Event "Caribbean-ch U16"]
[Site "San Salvador"]
[Date "2021.11.27"]
[Round "6"]
[White "Hernandez, Raul Alejandro"]
[Black "Rojas Mora, Maria Salvadora"]
[Result "1-0"]
[WhiteElo "1090"]
[BlackElo "1176"]
[PlyCount "37"]
[EventDate "2021.11.27"]
[EventType "swiss"]
[EventRounds "9"]
[EventCountry "ESA"]
[SourceTitle "EXT 2023"]
[Source "ChessBase"]
[SourceDate "2022.10.05"]
[SourceVersion "1"]
[SourceVersionDate "2022.10.05"]
[SourceQuality "1"]
[WhiteTeam "El Salvador"]
[BlackTeam "Costa Rica"]
[WhiteTeamCountry "ESA"]
[BlackTeamCountry "CRI"]

1. e4 e5 2. Nf3 Nc6 3. Bc4 Nf6 4. Nc3 Bc5 5. d3 h6 6. Be3 Bb6 7. Ne2 d6 8. Ng3 Bg4 9. h3 Bxf3 10. Qxf3 Nd4 11. Bxd4 Bxd4 12. c3 Bb6 13. 0-0-0 a5 14. a4 Qd7 15. b3 c6 16. Nf5 0-0 17. Qg3 Nh5 18. Qg4 Qc8 19. Ne7+ 1-0